Applied entomology : an introductory textbook of insects in their relations to man

Main Author: Fernald, H.T.
Other Authors: Shepard, Arnold H.
Language:English
Published: Jodhpur: J. V. Publishing House, 1955.
Subjects:
LEADER 00637cam a2200181 7i4500
001 0000067504
005 20090929090000.0
008 090929s2007 ne a b 001 0 eng d
020 # 0 |a 9788188818266  
020 # 0 |a 8188818267  
090 0 0 |a SB 931   |b .F4 1955 
100 1 # |a Fernald, H.T.  
245 1 0 |a Applied entomology :   |b an introductory textbook of insects in their relations to man   |c H. T. Fernald and Arnold H. Shepard. 
260 # # |a Jodhpur:   |b J. V. Publishing House,   |c 1955. 
300 # # |a 369p.:   |b ill.;   |c 23 cm.. 
650 0 0 |a Insect pests --   |x control  
700 1 1 |a Shepard, Arnold H.  
999 |a 1100062668  |b Book  |c Open Shelf  |e KOLEKSI TERBUKA